000 00315nam a22001457a 4500
008 210303b ||||| |||| 00| 0 eng d
020 _a888000055189
041 _aeng
080 _a541
082 _a541
100 _a12
101 _aKIM
245 _aChemistry 1120 Atoms First
_cNeth, E. J
942 _2udc
_cBK
999 _c55694
_d55694